书目信息 |
| 题名: |
巴金箴言录
|
|
| 作者: | 杨君游 编 | |
| 分册: | ||
| 出版信息: | 北京 学苑出版社 1993.04 |
|
| 页数: | 163页 | |
| 开本: | 32开 | |
| 丛书名: | ||
| 单 册: | ||
| 中图分类: | H033 | |
| 科图分类: | ||
| 主题词: | 语义学 , 词汇学 | |
| 电子资源: | ||
| ISBN: | 7-5077-0605-2 | |
| 000 | 00508nam0 2200193 45 | |
| 001 | 0006121612 | |
| 005 | 20000612165008.2 | |
| 010 | @a7-5077-0605-2@d3.60元 | |
| 100 | @a20000612d1993 km y0chiy0120 ea | |
| 101 | 0 | @achi |
| 200 | 1 | @a巴金箴言录@ABa Jin Zhen Yan Lu@f杨君游编@FYang Jun You Bian |
| 210 | @a北京@c学苑出版社@d1993.04 | |
| 215 | @a163页@d32开 | |
| 606 | 0 | @a语义学 |
| 606 | 0 | @a词汇学 |
| 690 | @aH033@v3 | |
| 701 | 0 | @a杨君游@4编 |
| 801 | @aCN@bPftUser@c20000612 | |
| 905 | @b203874@dH033@eB477@f1 | |
| 巴金箴言录/杨君游编.-北京:学苑出版社,1993.04 |
| 163页;32开 |
| ISBN 7-5077-0605-2:3.60元 |
| ● |
| 相关链接 |
|
|
|
正题名:巴金箴言录
索取号:H033/B477
 
预约/预借
| 序号 | 登录号 | 条形码 | 馆藏地/架位号 | 状态 | 备注 |
| 1 | 203733 | 202037330 | 语言库209/209语言库 66排2列2层/ [索取号:H033/B477] | 在馆 | |
| 2 | 203874 | 202038749 | 语言库209/209语言库 66排2列2层/ [索取号:H033/B477] | 在馆 |